<?xml version="1.0" encoding="UTF-8"?><?xml-stylesheet type="text/xsl" href="static/style.xsl"?><OAI-PMH xmlns="http://www.openarchives.org/OAI/2.0/" xmlns:xsi="http://www.w3.org/2001/XMLSchema-instance" xsi:schemaLocation="http://www.openarchives.org/OAI/2.0/ http://www.openarchives.org/OAI/2.0/OAI-PMH.xsd"><responseDate>2026-04-13T00:02:09Z</responseDate><request verb="GetRecord" identifier="oai:www.recercat.cat:10256/22726" metadataPrefix="marc">https://recercat.cat/oai/request</request><GetRecord><record><header><identifier>oai:recercat.cat:10256/22726</identifier><datestamp>2024-06-18T11:51:42Z</datestamp><setSpec>com_2072_452955</setSpec><setSpec>com_2072_2054</setSpec><setSpec>col_2072_453063</setSpec></header><metadata><record xmlns="http://www.loc.gov/MARC21/slim" xmlns:dcterms="http://purl.org/dc/terms/" xmlns:xsi="http://www.w3.org/2001/XMLSchema-instance" xmlns:doc="http://www.lyncode.com/xoai" xsi:schemaLocation="http://www.loc.gov/MARC21/slim http://www.loc.gov/standards/marcxml/schema/MARC21slim.xsd">
   <leader>00925njm 22002777a 4500</leader>
   <datafield ind2=" " ind1=" " tag="042">
      <subfield code="a">dc</subfield>
   </datafield>
   <datafield ind2=" " ind1=" " tag="720">
      <subfield code="a">Roget, Elena</subfield>
      <subfield code="e">author</subfield>
   </datafield>
   <datafield ind2=" " ind1=" " tag="720">
      <subfield code="a">Pelegrí, Josep L.</subfield>
      <subfield code="e">author</subfield>
   </datafield>
   <datafield ind2=" " ind1=" " tag="720">
      <subfield code="a">Planella Morató, Jesús</subfield>
      <subfield code="e">author</subfield>
   </datafield>
   <datafield ind2=" " ind1=" " tag="720">
      <subfield code="a">Puigdefábregas, Joan</subfield>
      <subfield code="e">author</subfield>
   </datafield>
   <datafield ind2=" " ind1=" " tag="720">
      <subfield code="a">Emelianov, Mikhail</subfield>
      <subfield code="e">author</subfield>
   </datafield>
   <datafield ind2=" " ind1=" " tag="720">
      <subfield code="a">Vallès Casanova, Ignasi</subfield>
      <subfield code="e">author</subfield>
   </datafield>
   <datafield ind2=" " ind1=" " tag="720">
      <subfield code="a">Orúe-Echevarría, Dorleta</subfield>
      <subfield code="e">author</subfield>
   </datafield>
   <datafield ind2=" " ind1=" " tag="260">
      <subfield code="c">2023-02</subfield>
   </datafield>
   <datafield ind2=" " ind1=" " tag="520">
      <subfield code="a">Diapycnal mixing in the Brazil-Malvinas Confluence Zone (BMC) is assessed on the basis of microstructure measurements done as part of an April 2017 cruise, which explored the mesoscalar and regional frontal dynamics. Sampling was done down to 400 m in 11 locations on both sides of the BMC, over the slope and in the abyssal waters. Turbulent scales, non-dimensional numbers, energy dissipation rates and diapycnal eddy diffusivities are calculated, which allow us to assess the state of the small-scale turbulence in the frontal region.&#xd;
&#xd;
Active turbulence was present at all depths and stations, with high-dissipation patches ranging from several metres to a few tens of metres. The frontal zone is characterized by high energy dissipation and eddy diffusivity. The geometric mean eddy diffusivity for all stations and the entire water column is 7.0 × 10-4 m2 s−1. The mean values halve when only considering the more stratified seasonal thermocline, 3.8 × 10-4 m2 s−1, and are twice larger south than north of the BMC.&#xd;
&#xd;
High dissipation rates coincide with high vertical shear, possibly related to the convergence of the two intense currents and/or the generation of internal waves by the associated mesoscalar and submesoscalar features. The layered structures related to intruding filaments favor double diffusive convection and salt fingering. Near-bottom mixing at the stations on the continental slope is possible related to shear-driven Kelvin-Helmoltz instabilities</subfield>
   </datafield>
   <datafield ind2=" " ind1=" " tag="520">
      <subfield code="a">We are very grateful to the crew of R/V Hespérides for his support during the RETRO-BMC cruise. This study has been supported by the Spanish Government through projects VA-DE-RETRO (CTM2014-56987-P) and SAGA (RTI2018-100844-B-C33)</subfield>
   </datafield>
   <datafield ind2=" " ind1=" " tag="520">
      <subfield code="a">Open Access funding provided thanks to the CRUE-CSIC agreement with Elsevier</subfield>
   </datafield>
   <datafield ind2=" " ind1=" " tag="520">
      <subfield code="a">14</subfield>
   </datafield>
   <datafield ind1="8" ind2=" " tag="024">
      <subfield code="a">http://hdl.handle.net/10256/22726</subfield>
   </datafield>
   <datafield tag="653" ind2=" " ind1=" ">
      <subfield code="a">Turbulència</subfield>
   </datafield>
   <datafield tag="653" ind2=" " ind1=" ">
      <subfield code="a">Turbulence</subfield>
   </datafield>
   <datafield tag="653" ind2=" " ind1=" ">
      <subfield code="a">Hidrografia</subfield>
   </datafield>
   <datafield tag="653" ind2=" " ind1=" ">
      <subfield code="a">Hydrography</subfield>
   </datafield>
   <datafield tag="653" ind2=" " ind1=" ">
      <subfield code="a">Remolins (Mecànica de fluids)</subfield>
   </datafield>
   <datafield tag="653" ind2=" " ind1=" ">
      <subfield code="a">Eddies</subfield>
   </datafield>
   <datafield tag="653" ind2=" " ind1=" ">
      <subfield code="a">Oceanografia</subfield>
   </datafield>
   <datafield tag="653" ind2=" " ind1=" ">
      <subfield code="a">Oceanography</subfield>
   </datafield>
   <datafield ind2="0" ind1="0" tag="245">
      <subfield code="a">Diapycnal mixing in the Brazil-Malvinas confluence front</subfield>
   </datafield>
</record></metadata></record></GetRecord></OAI-PMH>